000 01559nam a2200325 c 4500
999 _c88748
_d88748
003 BLK
005 20230208175318.0
008 180408b bul|||||r ||||||| ||bul||
010 _aKNG00093441000
020 _a978-954-529-643-7
040 _aBLK
041 _aBUL
_cBUL
080 _aСръбска литература
_b821.163.41
_x-31
_z821.163.41-31
080 _aИгри с карти - Бридж, скат, пикет, покер, пасианс, Черен Петър, гледане на карти, хазартни игри с ка
_b794.4
_x(084)
_z794.4(084)
100 1 _aПавич, Милорад
_eпърви автор
_9266210
139 _aПавич, Милорад
_bП 12
245 1 0 _aПоследна любов в Цариград
_bНаръчник за гадаене с приложени карти Таро
_cМилорад Павич; прев. от сръб. Христиана Борисова Василева.
257 _aSER
260 _bКолибри
_c2008
_fСофия : Симолини
300 _a142 с.
_bс ил.
_c20 см
_eкарти таро 22 бр.
380 _a1
500 _aОриг. загл. Последньу льубав у Цариграду / Милорад Павиh.
653 _aтаро
700 1 _aВасилева, Христиана Борисова
_eпрев. от сръб.
_9373302
852 _aЦб 246450
856 4 _qpdf
856 4 _qpdf
942 _cKNG
_n0
_010
_s1
944 _aCR
_c15.01.2010
_kПенка_Димитрова
944 _aED
_c15.01.2010
999 _d88748